000 00694nam a2200253 i 4500
001 bg
100 1 _aNeymann, Monika.
245 1 0 _aBusiness finance in English /
_cMonika Neymann, Tom Ruhan.
260 _aWarszawa :
_bPOLTEXT,
_c1992.
300 _a257, [1] s. :
_brys. ;
_c21 cm +
_ekaseta dźw.
504 _aIndeks.
650 9 _aFinanse
_xterminologia
650 9 _aBankowość
_xterminologia
650 9 _aJęzyk angielski
655 _aPodręczniki akademickie
700 1 _aRuhan, Tom.
020 _a838536630X
040 _cBPK
041 0 _aen
_gpl
080 _a336:811.111](075.8)
920 _a83-85366-30-X
942 _cKS
008 s pl f |000 0 pol
999 _c5649
_d5649
856 _uhttp://koha.tu.koszalin.pl/cgi-bin/koha/opac-detail.pl?biblionumber=5649
_yKatalog online BPK